LEADER 01410oam 2200349z- 450 001 9910154825303321 005 20180629082618.0 010 $a1-68103-296-1 035 $a(CKB)3710000000972246 035 $a(EXLCZ)993710000000972246 100 $a20190224c2017uuuu -u- - 101 0 $aeng 200 10$aChris Van Allsburg /$fby Chris Bowman 210 $cBellwether Media 311 $a1-62617-549-7 327 $aWho is Chris Van Allsburg? -- A normal beginning -- A creative twist -- Coming to life -- Imagine that -- All aboard! -- Glossary -- To learn more. 330 $a"Leveled text and full-color photographs introduce readers to Chris Van Allsburg. Developed by literacy experts for students in second through fifth grade"--$cProvided by publisher. 606 $aAuthors, American$y20th century$vBiography$vJuvenile literature 606 $aIllustrators$zUnited States$vBiography$vJuvenile literature 606 $aChildren's stories$xAuthorship$vJuvenile literature 606 $aChildren's stories$xIllustrations$vJuvenile literature 615 0$aAuthors, American 615 0$aIllustrators 615 0$aChildren's stories$xAuthorship 615 0$aChildren's stories$xIllustrations 676 $a813/.54 676 $aB 700 $aBowman$b Chris$f1990-$01244943 906 $aBOOK 912 $a9910154825303321 996 $aChris Van Allsburg$92894340 997 $aUNINA LEADER 01306nam0 22002771i 450 001 UON00287236 005 20231205103906.357 100 $a20070126d1969 |0itac50 ba 101 $aeng 102 $aUS 105 $a|||| 1|||| 200 1 $aˆA ‰handlist of rhetorical terms$ea guide for students of English literature$fby Richard A. Lanham 210 $aBerkley and Los Angeles$cUniversity of California Press$d1969 215 $a148 p.$d21 cm. 606 $aLingua inglese$xTerminologia$3UONC061641$2FI 620 $aUS$dBerkeley$3UONL000021 620 $aUS$dLos Angeles$3UONL000060 676 $a428.1$cUso inglese standard. Sistema di scrittura, fonologia, fonetica della forma standard della lingua$v21 700 1$aLANHAM$bRichard A.$3UONV165723$0453195 712 $aUniversity of California Press$3UONV247423$4650 801 $aIT$bSOL$c20250808$gRICA 912 $aUON00287236 950 $aSIBA - SISTEMA BIBLIOTECARIO DI ATENEO$dSI Angl VII 0242 $eSI LO 458 5 0242 950 $aSIBA - SISTEMA BIBLIOTECARIO DI ATENEO$dSI S.C V DIZ 87 $eSI FG 1471 7 87 996 $aHandlist of rhetorical terms$9172192 997 $aUNIOR